| 000 | 01242nam a2200313 a 4500 | ||
|---|---|---|---|
| 999 |
_c390888 _d390888 |
||
| 003 | BLK | ||
| 005 | 20250203162833.0 | ||
| 008 | 201029b bu |||||r|||| 00| | bu d | ||
| 020 | _a978-954-27-2442-1 | ||
| 040 | _aBLK | ||
| 041 |
_aBUL _cBUL |
||
| 080 |
_aАвстралийска литература _b821.111(94) _x-311.9 _z821.111(94)-311.9 |
||
| 100 |
_9346062 _aКауфман, Ейми _eпърви автор |
||
| 139 |
_aКауфман, Ейми и др. _bК 47 |
||
| 245 |
_aПламъкът на Аврора _cЕйми Кауфман, Джей Кристоф ; прев. от. англ. ез. Милена Илиева |
||
| 257 | _aBGR | ||
| 260 |
_9209434 _aСофия _bЕгмонт България _c2020 _n978-954-27- ; 954-446- |
||
| 300 |
_c21 см _a432 с. |
||
| 380 | _aX | ||
| 501 | _aОриг. загл.: Aurora burning. - Ч. 2 от поредицата Аврора. | ||
| 700 |
_aИлиева, Милена Мичева _d1970- _9347914 |
||
| 700 |
_9346063 _aКристоф, Джей _eсъавт. |
||
| 852 |
_aЦб 304528 _bЦб |
||
| 942 |
_cKNG _n0 _s1 _09 |
||
| 944 |
_aCR _c2020-10-29 _k30570 _lМоника Янева |
||
| 944 |
_aED _c2020-11-21 _kК.Д. |
||
| 999 | _d390888 | ||
| 999 | _d390888 | ||